Central Library OPAC University of Rajshahi

কথাসাহিত্যিক নারায়ণ গঙ্গোপাধ্যায় / (Record no. 84476)

MARC details
000 -LEADER
fixed length control field 00923nam a2200241 a 4500
001 - CONTROL NUMBER
control field 84476
003 - CONTROL NUMBER IDENTIFIER
rucl marc code BD-RjUL
005 - DATE AND TIME OF LATEST TRANSACTION
control field 20241208144440.0
008 - FIXED-LENGTH DATA ELEMENTS--GENERAL INFORMATION
fixed length control field 241208s1997 ii ||||| |||| 00| 0 ben d
035 ## - SYSTEM CONTROL NUMBER
System control number (BD-RjUL)84476
040 ## - CATALOGING SOURCE
Original cataloging agency BD-RjUL
Language of cataloging eng
Transcribing agency BD-RjUL
041 ## - LANGUAGE CODE
Language code of text/sound track or separate title ben
082 ## - DEWEY DECIMAL CLASSIFICATION NUMBER
Edition number 23
Classification number 891.444092
Author mark and year DUK 1997
100 ## - MAIN ENTRY--PERSONAL NAME
Personal name দত্ত, সরোজ
9 (RLIN) 14617
245 ## - TITLE STATEMENT
Title কথাসাহিত্যিক নারায়ণ গঙ্গোপাধ্যায় /
Statement of responsibility, etc. সরোজ দত্ত
260 ## - PUBLICATION, DISTRIBUTION, ETC. (IMPRINT)
Place of publication, distribution, etc. কলকাতা :
Name of publisher, distributor, etc. রত্নাবলী,
Date of publication, distribution, etc. ১৯৯৭
300 ## - PHYSICAL DESCRIPTION
Pagination ২৬০ পৃ.;
Size ২২ সেমি.
600 ## - SUBJECT ADDED ENTRY--PERSONAL NAME
Personal name গঙ্গোপাধ্যায়, নারায়ণ
Personal name Gangopadhyay, Narayan
650 ## - SUBJECT ADDED ENTRY--TOPICAL TERM
Topical term or geographic name as entry element বাংলা সাহিত্য
General subdivision প্রবন্ধ
9 (RLIN) 681
Topical term or geographic name as entry element Bengali Literature
Form subdivision Essay
9 (RLIN) 12097
942 ## - ADDED ENTRY ELEMENTS (KOHA)
Source of classification or shelving scheme Dewey Decimal Classification
Koha item type Books
Holdings
Lost status Source of classification or shelving scheme Damaged status Not for loan Collection code Permanent Location Current Location Shelving location Date acquired Source of acquisition Cost, normal purchase price Total Checkouts Full call number Date last seen Copy number Koha item type
  Dewey Decimal Classification   Not For Loan Non-fiction Central Library, University of Rajshahi Central Library, University of Rajshahi Reading Room 29/05/2007 Paragon Enter prise 120.00   B 891.444092 DUK 1997 08/12/2024 C-1 Books